与中国友好城市最多的国家 - Statistics

General Stats
  • This quiz has been taken 42 times
  • The average score is 15 of 20
Answer Stats
友好城市数量 国家 % Correct
288 美国
100%
266 日本
100%
114 法国
100%
228 韩国
97%
168 俄罗斯
97%
113 澳大利亚
97%
105 德国
97%
69 英国
97%
67 加拿大
91%
62 巴西
88%
41 泰国
85%
90 意大利
82%
53 越南
82%
42 新西兰
71%
38 波兰
59%
50 蒙古
44%
38 菲律宾
32%
40 罗马尼亚
24%
52 白俄罗斯
21%
45 匈牙利
12%
No matching quizzes found
Score Distribution
Percent of People with Each Score
Percentile by Number Answered
Your Score History
You have not taken this quiz